000 00462nab a2200145Ia 4500
003 ES-SlBCS
005 20210601125229.0
008 140529s1972 xxu||||| |||| 00| 0 eng d
041 _aeng
100 1 _aCastell, Alburey
_9155718
245 0 4 _aThe Status of the Principle of Universal Causation
_c Alburey Castell
650 0 4 _aCausa Universal
_9155719
773 0 _tPhilosophy and Phenomenological Research
_gvol. 32, 1972, págs. 403-407
_wRev1411
942 _cAR
999 _c526911
_d526911